Countries: Before 'H' Quiz Stats

Quiz Updated Jul 14, 2016

Challenge
Share
Tweet
Embed
Score 0/9 Timer 02:00
2 Plays Today
Letter before 'H' Country % Correct
NONEHaiti, Honduras, Hungary
93.2%
CChad, Chile, China, Czechia, Liechtenstein, Seychelles
87.9%
GAfghanistan, Ghana
81.4%
TEthiopia, Lesotho, Lithuania, etc.
74.5%
KKazakhstan
67.8%
BBhutan
62.7%
PPhilippines
61.1%
ABahamas, Bahrain
54.7%
SBangladesh, Marshall Islands
35.7%

You're not logged in!

Compare scores with friends on all Sporcle quizzes.
Join for Free
OR
Log In

You Might Also Like...

Show Comments

Extras

Top Quizzes Today


Score Distribution

Your Account Isn't Verified!

In order to create a playlist on Sporcle, you need to verify the email address you used during registration. Go to your Sporcle Settings to finish the process.

Report this User

Report this user for behavior that violates our Community Guidelines.

Details: